| 000 | 00349nam a22001337a 4500 | ||
|---|---|---|---|
| 020 | _qPB. | ||
| 040 | _cFizza Ishaq | ||
| 082 |
_a150.195 _bANI |
||
| 100 |
_aJung, C.G. _937035 |
||
| 245 |
_aMemories Dreams Reflections / _c C.G. Jung. |
||
| 260 |
_aNew York : _bVintage, _c1965. |
||
| 300 |
_a430 P. ; _c1.45 x 7.31 x 9.02 inches |
||
| 942 |
_2ddc _cBK |
||
| 999 |
_c616362 _d616362 |
||